Music Quiz

Random Music or Rock Quiz

Not the Obvious: Rock & Roll Edition Quiz Stats

 Plays Quiz Updated Feb 10, 2016

Also try: Not the Obvious
Challenge
Share
Tweet
Embed
Score 0/18 Timer 10:00
4 Plays Today
Category Answer % Correct
Rock artists who died at age 27Jimi Hendrix, Kurt Cobain, Brian Jones, Dickie Pride, Helmut Köllen, Alexander Bashlachev
89.9%
Top 5 of Rolling Stone's 100 Greatest Guitar PlayersJeff Beck, Keith Richards, Jimmy Page
62.8%
The 'Big Four' of thrash metalAnthrax, Slayer
48.8%
Rock artists with more than 8 #1 albumsElvis Presley, Bruce Springsteen
48.4%
U2 membersAdam Clayton, Larry Mullen Jr
42%
Nirvana studio albumsBleach
39.3%
Def Leppard's top 5 songs on the Mainstream Rock chartPhotograph, Armageddon It, Rocket, Animal
38%
The Police membersStewart Copeland, Henry Padovani
36.4%
Led Zeppelin studio albums that don't contain 'Led'Presence, In Through the Out Door, Coda
35%
Category Answer % Correct
Top 5 all-time best-selling rock albumsDark Side of the Moon, Bat Out Of Hell, Rumours
34%
Guns N' Roses members (Appetite for Destruction lineup)Izzy Stradlin, Duff McKagan, Steven Adler
33.5%
Genesis songs to reach the top 10I Can't Dance; Tonight, Tonight, Tonight; Land of Confusion; In Too Deep; Throwing It All Away
32.8%
Aerosmith's 5 best-selling albumsGet a Grip, Pump,Rocks
28%
Bruce Springsteen songs that won Best Rock Song GrammyStreets of Philadelphia, Radio Nowhere
28%
Black Sabbath members (original lineup)Geezer Butler, Bill Ward
24.5%
Metallica bassistsJason Newsted, Ron McGovney
21.3%
Van Halen lead singersGary Cherone
18.2%
Women listed in Rolling Stone's 100 Greatest GuitaristsJoni Mitchell
12.1%

You're not logged in!

Compare scores with friends on all Sporcle quizzes.
Join for Free
OR
Log In

You Might Also Like...

Show Comments

Extras

Top Quizzes Today


Score Distribution

Your Account Isn't Verified!

In order to create a playlist on Sporcle, you need to verify the email address you used during registration. Go to your Sporcle Settings to finish the process.

Report this User

Report this user for behavior that violates our Community Guidelines.

Details: